000
00203 a2200109 4500
020
_a
978031250297
041
_a
spa
100
_a
Priddy, books
245
_a
Colors, Colores
942
_c
BK
952
_7
1
999
_c
22654
_d
22654